LEADER 00847nam0-22002891i-450- 001 990001636270403321 005 20050331121151.0 035 $a000163627 035 $aFED01000163627 035 $a(Aleph)000163627FED01 035 $a000163627 100 $a20030910d1901----km-y0itay50------ba 101 0 $aita 200 1 $aStudi comparativi sulla flora lacustre della Sicilia$fGiuseppe Lopriore 210 $aCatania$cTip. Monaco e Mollica$d1901 215 $a116 p.$d30 cm 610 0 $aFlora 676 $a581.9 700 1$aLopriore,$bGiuseppe$f<1865-1928> 801 0$aIT$bUNINA$gRICA$2UNIMARC 901 $aBK 912 $a990001636270403321 952 $a60 MISC. A 6$b2350$fFAGBC 952 $a60 582-589 B 3$b23554$fFAGBC 959 $aFAGBC 996 $aStudi comparativi sulla flora lacustre della Sicilia$9367481 997 $aUNINA LEADER 01007nam0-22003251i-450- 001 990003059990403321 005 20050609083929.0 035 $a000305999 035 $aFED01000305999 035 $a(Aleph)000305999FED01 035 $a000305999 100 $a20030910d1984----km-y0itay50------ba 101 0 $aeng 102 $aIT 200 1 $aEconomic Interdependence and Flexible Exchange Rates$fedited by Jagdeep S. Bhandari, Bluford H. Putnam$gwith Joy H. Lewin$gForeword by Rudiger Dornbusch. 210 $aCambridge (Mass.)$cThe Mit Press$d1984. 215 $aXVIII, 547 p.$d22 cm 676 $aO/2.113 676 $aO/2.21 676 $aO/2.31 702 1$aBhandari,$bJagdeep S. 702 1$aDornbusch,$bRudiger$f<1948-2002> 702 1$aPutnam,$bBlutford H. 801 0$aIT$bUNINA$gRICA$2UNIMARC 901 $aBK 912 $a990003059990403321 952 $aO/2113 ECO$b1381$fSES 959 $aSES 996 $aEconomic interdependence and flexible exchange rates$957951 997 $aUNINA LEADER 00819nam--2200313---450- 001 990003561780203316 005 20110908133125.0 035 $a000356178 035 $aUSA01000356178 035 $a(ALEPH)000356178USA01 035 $a000356178 100 $a20110908f1907----km-y0itay50------ba 101 1 $aita$cfre 102 $aIT 105 $ay|||||||001yy 200 1 $aBug-jargal$fdi Victor Hugo 210 $aMilano$cBietti$d1907 215 $a203 p.$d18 cm 676 $a843.7 700 1$aHUGO,$bVictor$0444801 801 0$aIT$bsalbc$gISBD 912 $a990003561780203316 951 $aXV.2.A. 325$b786 F.C.$cXV.2.A. 959 $aBK 969 $aCUOMO 979 $aDIONIGI$b90$c20110908$lUSA01$h1148 979 $aDIONIGI$b90$c20110908$lUSA01$h1331 996 $aBug-jargal$91117154 997 $aUNISA